Ports and inland waterways / (Record no. 3357)

000 -LEADER
fixed length control field 05475cam a2200649 i 4500
006 - FIXED-LENGTH DATA ELEMENTS--ADDITIONAL MATERIAL CHARACTERISTICS--GENERAL INFORMATION
fixed length control field m o d
007 - PHYSICAL DESCRIPTION FIXED FIELD--GENERAL INFORMATION
fixed length control field cr bn||||||abp
007 - PHYSICAL DESCRIPTION FIXED FIELD--GENERAL INFORMATION
fixed length control field cr bn||||||ada
008 - FIXED-LENGTH DATA ELEMENTS--GENERAL INFORMATION
fixed length control field 110307s1979 enka obs 001 0 eng d
020 ## - INTERNATIONAL STANDARD BOOK NUMBER
International Standard Book Number 9781483156095
Qualifying information (electronic bk.)
020 ## - INTERNATIONAL STANDARD BOOK NUMBER
International Standard Book Number 1483156095
Qualifying information (electronic bk.)
040 ## - CATALOGING SOURCE
Original cataloging agency IMU Kochi Library
Language of cataloging eng
041 0# - LANGUAGE CODE
Language code of text/sound track or separate title eng
082 04 - DEWEY DECIMAL CLASSIFICATION NUMBER
Classification number 314.1
Edition number 18
082 04 - DEWEY DECIMAL CLASSIFICATION NUMBER
Classification number 386/.0941
084 ## - OTHER CLASSIFICATION NUMBER
Classification number QG 410
Source of number rvk
100 1# - MAIN ENTRY--PERSONAL NAME
Personal name Baxter, R. E.
Fuller form of name (Ron Eric)
245 10 - TITLE STATEMENT
Title Ports and inland waterways /
260 ## - PUBLICATION, DISTRIBUTION, ETC. (IMPRINT)
Place of publication, distribution, etc Oxford ;
-- New York :
Name of publisher, distributor, etc Published for the Royal Statistical Society and the Social Science Research Council [by] Pergamon Press,
Date of publication, distribution, etc 1979.
300 ## - PHYSICAL DESCRIPTION
Extent 1 online resource (xiii, 302 pages) :
Other physical details illustrations
490 1# - SERIES STATEMENT
Series statement Reviews of United Kingdom statistical sources ;
Volume number/sequential designation v. 10
504 ## - BIBLIOGRAPHY, ETC. NOTE
Bibliography, etc Includes bibliographical references and indexes.
505 0# - FORMATTED CONTENTS NOTE
Formatted contents note Front Cover; Ports and Inland Waterways and Civil Aviation; Copyright Page; Table of Contents; FOREWORD; MEMBERSHIP OF THE JOINT STEERING COMMITTEE; INTRODUCTION; PART 17: PORTS AND INLAND WATERWAYS; REFERENCE DATE OF SOURCES REVIEWED; LIST OF ABBREVIATIONS; ACKNOWLEDGEMENTS; CHAPTER 1. INTRODUCTION; CHAPTER 2. STATISTICS OF PORT ENTERPRISES; 2.1. Introduction; 2.2. Sources and Data; 2.3. Foreign Traffic by Commodity; 2.4. Coastwise Traffic by Commodity; 2.5. Special Traffic; 2.6. Scheme and Non-scheme Port Traffic; 2.7. Container and Roll-on Traffic; 2.8. Contents of Containers.
505 8# - FORMATTED CONTENTS NOTE
Formatted contents note 2.9. Driver Accompanied and Unaccompanied Road Goods Vehicles2.10. Restow Movements; CHAPTER 3. TRANSHIPMENT AND TRANSIT MOVEMENTS; CHAPTER 4. FISHERY TRAFFIC; CHAPTER 5. PASSENGER TRAFFIC; 5.1. Accompanied Vehicles; CHAPTER 6. STATISTICS OF CUSTOMS PORTS; 6.1. Foreign Trade; 6.2. Container and Roll-on Statistics; CHAPTER 7. MANPOWER; 7.1. National Ports Council; 7.2. Non-Scheme Ports; 7.3. The National Dock Labour Board; 7.4. Department of Employment; 7.5. Accident Statistics; CHAPTER 8. INLAND WATER TRANSPORT; CHAPTER 9. SHIPPING MOVEMENTS; 9.1. Pilotage; CHAPTER 10. PORT FACILITIES.
505 8# - FORMATTED CONTENTS NOTE
Formatted contents note CHAPTER 11. FINANCECHAPTER 12. CURRENT AND PROPOSED DEVELOPMENTS; QUICK REFERENCE LIST-TABLE OF CONTENTS; BIBLIOGRAPHY; APPENDICES; SUBJECT INDEX; PART 18: CIVIL AVIATION; REFERENCE DATE OF SOURCES REVIEWED; LIST OF ABBREVIATIONS; ACKNOWLEDGEMENTS; CHAPTER 1. THE BACKGROUND TO FIGURES ON CIVIL AVIATION; 1.1. Introduction; 1.2. Definitions and Outline; 1.3. The General Organization of Civil Aviation; CHAPTER 2. STATISTICAL RETURNS: BASIC DESCRIPTION; 2.1. Regular Government and CAA Sources; 2.2. Sources from Individual Airport Studies; 2.3. International Bodies; 2.4. Individual Airline Figures.
505 8# - FORMATTED CONTENTS NOTE
Formatted contents note 2.5. The British Tourist Authority2.6. The Airline Users Committee; 2.7. Other Individual Studies; CHAPTER 3. COMMENTS ON AVAILABLE DATA; 3.1. General Aviation; 3.2. Air Transport; 3.3. Airports; 3.4. Personnel; 3.5. Financial Statistics; CHAPTER 4. COMMENTS AND SUGGESTIONS; 4.1. The Cataloguing and Description of Sources; 4.2. The Coverage of Sources; ADDENDUM ON RECENT DEVELOPMENTS; QUICK REFERENCE LIST-TABLE OF CONTENTS; SELECT BIBLIOGRAPHY; COVERAGE OF PUBLICATIONS; USEFUL LIBRARIES AND BODIES; LIST OF APPENDICES; SUBJECT INDEX.
520 ## - SUMMARY, ETC.
Summary, etc Ports and Inland Waterways is a review of sources of statistics on ports and inland waterways in the United Kingdom and covers subjects such as foreign traffic by commodity; coastwise traffic by commodity; special traffic; scheme and non-scheme port traffic; container and roll-on traffic; contents of containers; driver accompanied and unaccompanied road goods vehicles; and restow movements. Transhipment and transit movements are also included, along with fishery traffic, passenger traffic, and shipping movements. This volume is comprised of 12 chapters and begins with an overview of ports and.
546 ## - LANGUAGE NOTE
Language note English.
650 #0 - SUBJECT ADDED ENTRY--TOPICAL TERM
Topical term or geographic name as entry element Harbors
Geographic subdivision Great Britain
Form subdivision Statistics.
650 #0 - SUBJECT ADDED ENTRY--TOPICAL TERM
Topical term or geographic name as entry element Inland water transportation
Geographic subdivision Great Britain
Form subdivision Statistics.
650 #0 - SUBJECT ADDED ENTRY--TOPICAL TERM
Topical term or geographic name as entry element Aeronautics, Commercial
Geographic subdivision Great Britain
Form subdivision Statistics.
650 #6 - SUBJECT ADDED ENTRY--TOPICAL TERM
Topical term or geographic name as entry element Ports
Geographic subdivision Grande-Bretagne
Form subdivision Statistiques.
650 #6 - SUBJECT ADDED ENTRY--TOPICAL TERM
Topical term or geographic name as entry element Transports de navigation int�erieure
Geographic subdivision Grande-Bretagne
Form subdivision Statistiques.
650 #6 - SUBJECT ADDED ENTRY--TOPICAL TERM
Topical term or geographic name as entry element Transports a�eriens
Geographic subdivision Grande-Bretagne
Form subdivision Statistiques.
650 #7 - SUBJECT ADDED ENTRY--TOPICAL TERM
Topical term or geographic name as entry element SOCIAL SCIENCE
General subdivision Statistics.
Source of heading or term bisacsh
650 #7 - SUBJECT ADDED ENTRY--TOPICAL TERM
Topical term or geographic name as entry element Aeronautics, Commercial.
Source of heading or term fast
650 #7 - SUBJECT ADDED ENTRY--TOPICAL TERM
Topical term or geographic name as entry element Harbors.
Source of heading or term fast
650 #7 - SUBJECT ADDED ENTRY--TOPICAL TERM
Topical term or geographic name as entry element Inland water transportation.
Source of heading or term fast
651 #7 - SUBJECT ADDED ENTRY--GEOGRAPHIC NAME
Geographic name Great Britain.
Source of heading or term fast
655 #2 - INDEX TERM--GENRE/FORM
Genre/form data or focus term Statistics
655 #7 - INDEX TERM--GENRE/FORM
Genre/form data or focus term Statistics.
Source of term fast
655 #7 - INDEX TERM--GENRE/FORM
Genre/form data or focus term Statistics.
Source of term lcgft
655 #7 - INDEX TERM--GENRE/FORM
Genre/form data or focus term Statistiques.
Source of term rvmgf
700 1# - ADDED ENTRY--PERSONAL NAME
Personal name Phillips, Celia M.
Title of a work Civil aviation.
830 #0 - SERIES ADDED ENTRY--UNIFORM TITLE
Uniform title Reviews of United Kingdom statistical sources ;
Volume number/sequential designation v. 10.
852 ## - LOCATION/CALL NUMBER
Location IMU Kochi Library
856 ## - ELECTRONIC LOCATION AND ACCESS
Uniform Resource Identifier <a href="https://www.sciencedirect.com/science/book/9780080224602">https://www.sciencedirect.com/science/book/9780080224602</a>
904 ## - LOCAL DATA ELEMENT D, LDD (RLIN)
CATALOGER Rudra Ranjan
905 ## - LOCAL DATA ELEMENT E, LDE (RLIN)
VERIFIER Rudra Ranjan
942 ## - ADDED ENTRY ELEMENTS (KOHA)
Item type E-Book
338 ## -
-- online resource
650 #6 - SUBJECT ADDED ENTRY--TOPICAL TERM
-- (CaQQLa)201-0003252
-- (CaQQLa)201-0441031
-- (CaQQLa)201-0378300
650 #6 - SUBJECT ADDED ENTRY--TOPICAL TERM
-- (CaQQLa)201-0052719
-- (CaQQLa)201-0441031
-- (CaQQLa)201-0378300
650 #6 - SUBJECT ADDED ENTRY--TOPICAL TERM
-- (CaQQLa)201-0000639
-- (CaQQLa)201-0441031
-- (CaQQLa)201-0378300
650 #7 - SUBJECT ADDED ENTRY--TOPICAL TERM
-- (OCoLC)fst00798462
650 #7 - SUBJECT ADDED ENTRY--TOPICAL TERM
-- (OCoLC)fst00951219
650 #7 - SUBJECT ADDED ENTRY--TOPICAL TERM
-- (OCoLC)fst00973623
651 #7 - SUBJECT ADDED ENTRY--GEOGRAPHIC NAME
-- (OCoLC)fst01204623
655 #2 - INDEX TERM--GENRE/FORM
-- (DNLM)D020500
655 #7 - INDEX TERM--GENRE/FORM
-- (OCoLC)fst01423727
655 #7 - INDEX TERM--GENRE/FORM
-- (CaQQLa)RVMGF-000001223

No items available.



Copyright © All Rights Reserved by Indian Maritime University, Kochi Campus.
For any Suggestions/Query Contact to library or Email: library.kochi@imu.ac.in Ph:(0484)-2989402
(Web OPAC Designed by Rudra Ranjan. Maintained by IMU Kochi Library)

Powered by Koha